| Registos Bibliográficos associados ao registo de autoridade |
|
Etiqueta de registo: 00254nam 2200025 450 001 2261722 003 http://id.bnportugal.gov.pt/bib/catbnp/2261722 010 ## $a978-989-9288-05-8 021 ## $aPT$b555322/25 100 ## $a20260205d2025 m y0pory01030103ba 101 0# $apor 102 ## $aPT 105 ## $aa z 000yy 106 ## $ar 200 1# $aArquitetura e artes para a liturgia - que lugares?$forg. Serviço de Arquitetura e Artes para a liturgia 205 ## $a1ª ed 210 #9 $aFatima$cSecretariado Nacional de Liturgia,$d2025 215 ## $a70 p.$cil.$d21 cm 225 2# $aCadernos kalós$v1 675 ## $a726.02(469.121)(042)$vBN$zpor$31988329 675 ## $a7.046(042)$vBN$zpor$31321551 675 ## $a272-528(042)$vBN$zpor$31330721 710 02 $aJornada Nacional de Arquitetura e Artes para a Liturgia,$d1,$eFátima,$f2024$31992149 712 02 $aSecretariado Nacional de Liturgia.$bServiço de Arquitetura e Artes para a liturgia$4340$31983844 712 02 $aBraga.$bArcebispo Primaz,$c2022- (José Manuel Cordeiro)$4450$31946642 801 #0 $aPT$bBN$gRPC 856 41 $uhttp://rnod.bnportugal.gov.pt/ImagesBN/winlibimg.aspx?skey=&doc=2261722&img=219861&save=true 900 ## $aBIBNAC$d20260318 966 ## $lBN$mFGMON$sR. 33385 V.$x1 966 ## $lBN$mFGMON$sR. 33385 V.-D$x1 971 ## $ccsilva$d20260205 972 ## $e0$z0$d20260318$vlrevez 973 ## $ctrodrigues$d20260302
|
|
|